| 000 | 00554nam a2200193 a 4500 | ||
|---|---|---|---|
| 005 | 20240924070955.0 | ||
| 008 | 991125s1957 bue 000 0 spa u | ||
| 035 | _aUPN01000035097 | ||
| 049 | _aCG | ||
| 050 | 4 |
_aJC585 _bM6.58 |
|
| 100 | 1 | _aMorison, Samuel Eliot | |
| 245 | 1 | 3 |
_aLa libertad en la sociedad contemporánea / _cSamuel Eliot Morison ; tr. M.A. Calicho. |
| 260 |
_aBuenos Aires : _bAgora, _c1957. |
||
| 300 | _a127 p. | ||
| 440 | 0 | _aTemas actuales | |
| 650 | 7 |
_aLibertad _2 _95326 |
|
| 650 | 4 |
_aCiencias políticas _96023 |
|
| 905 | _aLibro | ||
| 999 |
_c35097 _d35097 |
||